Developmental mathematics (Record no. 6082)
[ view plain ]
| 000 -LEADER | |
|---|---|
| fixed length control field | 00647nam a22001457a 4500 |
| 020 ## - INTERNATIONAL STANDARD BOOK NUMBER | |
| ISBN | 0536388954 |
| 050 ## - CALL NUMBER | |
| Classification number | QA107.2 |
| Item number | .B58 |
| 100 ## - AUTHOR | |
| Personal name | Marvin L. Bittinger, |
| 245 ## - TITLE | |
| Title | Developmental mathematics |
| Statement of responsibility, etc | Marvin L. Bittinger, Judith A. Beecher |
| 260 ## - PUBLICATION INFORMATION | |
| Place of publication | Boston |
| Name of publisher | Pearson |
| Year of publication | 2008 |
| 300 ## - DESCRIPTION | |
| Number of Pages | xxxii, 756p. |
| 505 ## - FORMATTED CONTENTS NOTE | |
| Table of Content | 6. Geometry<br/>8. Solving equations and inequalities<br/>9. Graphs and linear equations<br/>10. Polynomials :operations<br/>11. Polynomials|: factoring<br/>12. Rational expressions and equations<br/>13. Systems of equations<br/>14. Radical expressions and equations<br/>15. Quadratic equations<br/> |
| 650 ## - SUBJECTS | |
| General subdivision | Developmental mathematics |
| 942 ## - ADDED ENTRY ELEMENTS (KOHA) | |
| Koha item type | Books |
| Withdrawn status | Lost status | Collection code | Home library | Current library | Shelving location | Date acquired | Full call number | Accession Number | Koha item type |
|---|---|---|---|---|---|---|---|---|---|
| Reference | Methodist University Library Main | Methodist University Library Main | General Stacks | 29/08/2019 | QA107.2 .B58 | 39757 | Books | ||
| Reference | Methodist University Library Main | Methodist University Library Main | General Stacks | 29/08/2019 | QA107.2 .B58 | 39758 | Books |